| 000 | 01408nam0a22003011 4500 | ||
|---|---|---|---|
| 001 | rc\1052927 | ||
| 005 | 20260407064824.0 | ||
| 035 | _a(NLR Aleph) 006214280 | ||
| 090 |
_a6401366 _c6401366 |
||
| 100 | _a20041129d1980 |||y0rusy50 ca | ||
| 101 | 0 | _arus | |
| 102 | _aRU | ||
| 105 | _aa ||||||||| | ||
| 200 | 1 |
_aБелый пароход _eПовести _e[Для ст. возраста] _fЧингиз Айтматов _g[Послесл. Б. Панкина] _gХудож. С. Остров |
|
| 210 |
_aМ. _cДет. лит. _d1980 |
||
| 215 |
_a350 с. _cил. _d26 |
||
| 300 | _aВ вып. дан. авт.: Чингиз Торекунович[!] Айтматов | ||
| 327 | 1 | _aСодерж.: Пегий пес, бегущий краем моря; Ранние журавли; После сказки (Белый пароход) | |
| 464 | 0 |
_12001#$aПегий пес, бегущий краем моря _tПегий пес, бегущий краем моря |
|
| 464 | 0 |
_12001#$aРанние журавли _tРанние журавли |
|
| 464 | 0 |
_12001#$aПосле сказки (Белый пароход) _tПосле сказки (Белый пароход) |
|
| 700 | 1 |
_8rus _7ca _aАйтматов _bЧ. _f1928-2008 _gЧингиз _3RU\NLR\AUTH\7715403 _9125055 |
|
| 801 | 0 |
_aRU _bNLR _gpsbo |
|
| 801 | 1 |
_aRU _bELAR _2rusmarc |
|
| 852 |
_aNLR _j80-7/1537 |
||
| 942 | _cBOOK | ||
| 980 | _aNB | ||